书目信息 |
| 题名: |
图解电机电器
|
|
| 作者: | 饭高成男 , 泽间照一 著 ;李福寿 译 | |
| 分册: | ||
| 出版信息: | 北京 科学出版社 2000.01 |
|
| 页数: | 188页 | |
| 开本: | 20cm | |
| 丛书名: | OHM电子电气入门丛书 | |
| 单 册: | ||
| 中图分类: | TM , TM3-64 | |
| 科图分类: | ||
| 主题词: | 电机 | |
| 电子资源: | ||
| ISBN: | 7-03-008095-5 | |
| 000 | 00786nam0 2200253 45 | |
| 001 | 0255293312 | |
| 005 | 2002110815213331 | |
| 010 | @a7-03-008095-5@dRMB 18.00 | |
| 100 | @a20021108d2000 km y0chiy0120 ea | |
| 101 | 0 | @achi |
| 102 | @aCN@b110000 | |
| 200 | 1 | @a图解电机电器@Atu jie dian ji dian qi@f(日)饭高成男,泽间照一著@F(ri)fan gao cheng nan,ze jian zhao yi zhu@g李福寿译@Gli fu shou yi |
| 210 | @a北京@c科学出版社@d2000.01 | |
| 215 | @a188页@d20cm | |
| 225 | 2 | @aOHM电子电气入门丛书 |
| 410 | 0 | @12001 @aOHM电子电气入门丛书 |
| 606 | 0 | @a电机 |
| 690 | @aTM@v3 | |
| 690 | @aTM3-64@v4 | |
| 701 | 0 | @a饭高成男@Afan gao cheng nan@4著 |
| 701 | 0 | @a泽间照一@Aze jian zhao yi@4著 |
| 702 | 0 | @a李福寿@Ali fu shou@4译 |
| 801 | 0 | @aCN@bPFT@c20021108 |
| 905 | @a10447@dTM3-64@eF087 | |
| 图解电机电器/(日)饭高成男,泽间照一著/李福寿译.-北京:科学出版社,2000.01 |
| 188页;20cm.-(OHM电子电气入门丛书) |
| ISBN 7-03-008095-5:RMB 18.00 |
| ● |
| 相关链接 |
|
|
|
正题名:图解电机电器
索取号:TM3-64/F087
 
预约/预借
| 序号 | 登录号 | 条形码 | 馆藏地/架位号 | 状态 | 备注 |
| 1 | 369299 | 203692995 | 自科库301/301自科库 11排1列2层/ [索取号:TM3-64/F087] | 在馆 | |
| 2 | 369300 | 203693002 | 自科库301/301自科库 8排1列6层/ [索取号:TM3-64/F087] | 在馆 | |
| 3 | 369301 | 203693011 | 自科库301/301自科库 11排1列2层/ [索取号:TM3-64/F087] | 在馆 |